000 00739nam a22002177a 4500
003 LK-CoMWRAF
005 20231031125823.0
008 231031b2022 |||||||| |||| 00| 0 eng d
020 _a9789556250569
040 _aLK-CoMWRAF
_dLK-CoMWRAF
_eLK-CoMWRAF
041 _aeng
082 _a340.59
_bTEG
100 _aTegal, Ermiza
110 _aPiyadasa, Thiagi
245 _aReimagining family law systems in Sri Lanka :
_bAn exploratory study of procedures relating to divorce under the general Law and Muslim marriage and divorce Act
260 _aColombo :
_bMuslim women's research and action forum,
_c2022
300 _a52p. : 24cm.
650 _aFamily Law--Sri Lanka
650 _aFamily Law--Marriages--Divorce--Act
942 _cBK
999 _c4050
_d4050